SUN WUKONG BELAJAR DARIPADA PAK GURU (Record no. 60578)

000 -LEADER
fixed length control field 00433nam a22001697a 4500
003 - CONTROL NUMBER IDENTIFIER
control field MPLRDC
005 - DATE AND TIME OF LATEST TRANSACTION
control field 20220104175810.0
008 - FIXED-LENGTH DATA ELEMENTS--GENERAL INFORMATION
fixed length control field 210129b ||||| |||| 00| 0 eng d
020 ## - INTERNATIONAL STANDARD BOOK NUMBER
International Standard Book Number 967-9989-21-6
082 ## - DEWEY DECIMAL CLASSIFICATION NUMBER
Classification number 859.6 UMUM v.7
100 ## - MAIN ENTRY--PERSONAL NAME
Personal name HARTATI MOHD SOM
245 ## - TITLE STATEMENT
Title SUN WUKONG BELAJAR DARIPADA PAK GURU
Statement of responsibility, etc.
260 ## - PUBLICATION, DISTRIBUTION, ETC.
Place of publication, distribution, etc.
Name of publisher, distributor, etc. PUSTAKA UMUM
Date of publication, distribution, etc. 1987
300 ## - PHYSICAL DESCRIPTION
Other physical details
650 ## - SUBJECT ADDED ENTRY--TOPICAL TERM
Topical term or geographic name entry element SASTERA KANAK-KANAK
942 ## - ADDED ENTRY ELEMENTS (KOHA)
Koha item type Book
-- 859.6 UMUM v.7
Holdings
Withdrawn status Lost status Source of classification or shelving scheme Damaged status Not for loan Collection code Home library Current library Shelving location Date acquired Cost, normal purchase price Total Checkouts Full call number Barcode Date last seen Date last checked out Price effective from Koha item type Public note
            Malaysian Public Library, Research and Development Centre Malaysian Public Library, Research and Development Centre   10/12/2007 0.00   859.6 UMUM v.7 M0000889 18/03/2021 26/05/2011 18/03/2021 Book mplrdc

© 2022. Malaysian Public Library, Research and Development Centre. All Right ReservedE-mailmplrdc@help.edu.my 

Powered by Koha